Countries by Official Language - Statistics

General Stats
  • This quiz has been taken 183 times
  • The average score is 142 of 187
Answer Stats
Country Language % Correct
Albania Albanian
100%
Austria German
96%
Belarus Belarusian / Russian
95%
Bulgaria Bulgarian
95%
Croatia Croatian
95%
Czech Republic Czech / Slovak
95%
Netherlands Dutch
95%
Belgium Dutch / French / German
95%
Ireland English / Irish
95%
Estonia Estonian
95%
Finland Finnish / Swedish
95%
France French
95%
Switzerland French / German / Italian / Romansh
95%
Luxembourg French / German / Luxembourgish
95%
Germany German
95%
Liechtenstein German
95%
Greece Greek
95%
Hungary Hungarian
95%
Italy Italian
95%
San Marino Italian
95%
Vatican City Italian
95%
Poland Polish
95%
Portugal Portuguese
95%
Romania Romanian
95%
Russia Russian
95%
Serbia Serbian
95%
Slovakia Slovak
95%
Spain Spanish
95%
Sweden Swedish
95%
Canada English / French
94%
Ukraine Ukrainian
94%
Denmark Danish
93%
Latvia Latvian
93%
Costa Rica Spanish
93%
Cuba Spanish
93%
Armenia Armenian
92%
Bahamas English
92%
Barbados English
92%
Monaco French
92%
Iceland Icelandic / Icelandic Sign Language
92%
Lithuania Lithuanian
92%
Malta Maltese / English
92%
Norway Norwegian / Sami
92%
Dominican Republic Spanish
92%
El Salvador Spanish
92%
Guatemala Spanish
92%
Honduras Spanish
92%
Nicaragua Spanish
92%
Panama Spanish
92%
Antigua and Barbuda English
91%
Jamaica English
91%
Saint Kitts and Nevis English
91%
Saint Lucia English
91%
Saint Vincent and the Grenadines English
91%
Trinidad and Tobago English
91%
Belize English
90%
North Macedonia Macedonian / Albanian
90%
Dominica English
89%
Grenada English
89%
Slovenia Slovene
89%
Montenegro Montenegrin / Albanian / Bosnian / Croatian / Serbian
88%
Bahrain Arabic
87%
Jordan Arabic
87%
Haiti French / Haitian Creole
87%
Kosovo Albanian / Serbian
86%
Iraq Arabic
86%
Oman Arabic
86%
Qatar Arabic
86%
Saudi Arabia Arabic
86%
Georgia Georgian
86%
Cyprus Greek / Turkish
86%
Israel Hebrew
86%
North Korea Korean
86%
China Mandarin
86%
Kuwait Standard Arabic
86%
United Arab Emirates Arabic
85%
India English / Hindi
85%
Kazakhstan Kazakh / Russian
85%
Cambodia Khmer
85%
South Korea Korean / Korean Sign Language
85%
Turkey Turkish
85%
Lebanon Arabic
84%
Syria Arabic
84%
Yemen Arabic
83%
Azerbaijan Azerbaijani
83%
Bangladesh Bengali
83%
Philippines Filipino / English
83%
Kyrgyzstan Kyrgyz / Russian
83%
Malaysia Malay / English
83%
Mongolia Mongolian
83%
Colombia Spanish
83%
Ecuador Spanish / Quechua
83%
Thailand Thai
83%
Vietnam Vietnamese
83%
Singapore English / Malay / Mandarin / Tamil
82%
Indonesia Indonesian
82%
Brazil Portuguese
82%
Bolivia Spanish / Aymara / Araona / Baure / Bésiro / Canichana / Cavineño / Cayubaba / Chácobo / Chimán / Ese Ejja / Guaraní / Guarasu'we / Guarayu / Itonama / Leco / Machajuyai-Kallawaya / Machineri / Maropa / Mojeño-Ignaciano / Mojeño-Trinitario / Moré / Mosetén / Movima / Pacawara / Puquina / Quechua / Sirionó / Tacana / Tapieté / Toromona / Uru-Chipaya / Weenhayek / Yaminawa / Yuki / Yuracaré / Zamuco
82%
Fiji English / Fijian / Fiji Hindi
81%
Nepal Nepali
81%
Paraguay Spanish / Guaraní
81%
Kiribati English
80%
Marshall Islands English
80%
Federated States of Micronesia English
80%
New Zealand English / Maori / New Zealand Sign Language
80%
Nauru English / Nauruan
80%
Palau English / Palauan
80%
Iran Persian
80%
Peru Spanish / Aymara / Quechua
80%
Samoa English
79%
Taiwan Mandarin
79%
Venezuela Spanish / Venezuelan Sign Language
79%
Solomon Islands English
78%
Papua New Guinea English / Hiri Motu / PNG Sign Language / Tok Pisin
78%
Tonga English / Tongan
78%
Uzbekistan Uzbek
78%
Vanuatu English / French
77%
Laos Lao
77%
Afghanistan Pashto / Dari
77%
Tuvalu Tuvaluan / English
77%
Guyana English
76%
Tajikistan Tajik
76%
Algeria Arabic / Tamazight
75%
Moldova Romanian
75%
Turkmenistan Turkmen
75%
Myanmar Burmese
71%
Pakistan Urdu / English
71%
Bhutan Dzongkha
70%
Brunei Malay / English
70%
Andorra Catalan
68%
Egypt Arabic
67%
Suriname Dutch
65%
Cameroon English / French
65%
Democratic Republic of the Congo French
65%
Burundi French / Kirundi / English
65%
Chad Arabic / French
64%
Botswana English / Tswana
64%
Republic of the Congo French
64%
Djibouti Arabic / French
63%
Equatorial Guinea French / Portuguese / Spanish
63%
Comoros Arabic / Comorian / French
62%
Central African Republic French
62%
Sri Lanka Sinhala / Tamil
60%
Benin French
59%
Burkina Faso French
59%
Cape Verde Portuguese
59%
Ghana English
56%
Ivory Coast French
56%
Gabon French
56%
East Timor Portuguese / Tetum
55%
Libya Arabic
54%
Kenya English
54%
Liberia English
54%
Guinea French
54%
Morocco Arabic / Tamazight
53%
Gambia English
53%
Angola Portuguese
53%
Ethiopia Afar / Amharic / Oromo / Somali / Tigrinya / English
52%
Eswatini English / Swazi
52%
Lesotho Sotho / English
52%
Madagascar French / Malagasy
51%
Nigeria English
49%
Mali French
49%
Namibia English
47%
Malawi English / Chichewa
47%
Rwanda English / French / Kinyarwanda / Swahili
47%
South Africa Afrikaans / English / Southern Ndebele / Sotho / Northern Sotho / Swazi / Tsonga / Tswana / Venda / Xhosa / Zulu
46%
Seychelles English / French / Seychellois Creole
45%
Mauritania Arabic
44%
Sudan Arabic / English
44%
Mauritius English
44%
Sierra Leone English
44%
Tanzania English
44%
Senegal French
44%
South Sudan English
43%
Niger French
43%
São Tomé and Príncipe Portuguese
43%
Tunisia Arabic / French
41%
Uganda English / Swahili
41%
Guinea-Bissau Portuguese
41%
Mozambique Portuguese
41%
Zimbabwe Chewa / Chibarwe / English / Kalanga / Khoisan / Nambya / Ndau / Ndebele / Shangani / Shona / Sign Language / Sotho / Tonga / Tswana / Venda / Xhosa
40%
Togo French
40%
Zambia English
39%
Somalia Arabic
38%
Eritrea Tigrinya
28%
Maldives Dhivehi
20%
No matching quizzes found
Score Distribution
Percent of People with Each Score
Percentile by Number Answered
Your Score History
You have not taken this quiz